000 00535nam a2200169Ia 4500
005 20250508155459.0
008 008 250505s9999 xx 000 0 eng d
037 _aTextual
040 _aFEDL
_beng
_cFEDL
041 _aeng
_2eng
084 _a373.5412, BIH
_qFEDL
245 0 _aReport of the Bihar education re-organisation committee on secondary education
260 _aBihar, India
_bSuperintendent Government Printing
_c1940
300 _aix,145p
942 _cTEXL
_h373.5412, BIH
999 _c1357190
_d1357190